Địa lí 11 : Nâng cao

Gespeichert in:
Bibliographische Detailangaben
1. Verfasser: Lê, Thông
Format: Buch
Sprache:Undetermined
Veröffentlicht: Hà Nội Giáo dục 2008
Schlagworte:
Tags: Tag hinzufügen
Keine Tags, Fügen Sie den ersten Tag hinzu!
Thư viện lưu trữ: Trung tâm Học liệu Trường Đại học Cần Thơ
LEADER 00585nam a2200217Ia 4500
001 CTU_182653
008 210402s9999 xx 000 0 und d
020 |c 11300 
082 |a 910.712 
082 |b Th455 
100 |a Lê, Thông 
245 0 |a Địa lí 11 : 
245 0 |b Nâng cao 
245 0 |c Lê Thông tổng chủ biên ... [et al.] 
260 |a Hà Nội 
260 |b Giáo dục 
260 |c 2008 
650 |a Geography 
650 |x Study and teaching (Secondary) 
904 |i Tuyến 
980 |a Trung tâm Học liệu Trường Đại học Cần Thơ